Normal view
MARC view
- MUHAMMAD SHAMAS REHMAN
Entry Personal Name
001 - CONTROL NUMBER
- control field: 64692
003 - CONTROL NUMBER IDENTIFIER
- control field: NUST
005 - DATE AND TIME OF LATEST TRANSACTION
- control field: 20210628203322.0
008 - FIXED-LENGTH DATA ELEMENTS
- fixed length control field: 210628|| aca||aabn | a|a d
040 ## - CATALOGING SOURCE
- Original cataloging agency: NUST
- Transcribing agency: NUST
100 ## - HEADING--PERSONAL NAME
- Personal name: MUHAMMAD SHAMAS REHMAN
670 ## - SOURCE DATA FOUND
- Source citation: Work cat.: (NUST): MUHAMMAD SHAMAS REHMAN, DIFAH WAR JANG TAYARI KA ISLAMI TASAWAR, 1988
